000 00506nam a2200181Ia 4500
003 IN-BaIIA
008 211028s9999 xx 000 0 eng d
040 _cIIA Library
080 _a517.925.4
_bMAC
100 _aMacduffee, Cyrus Colton
_93029
245 0 _aTheory of equations
_cCyrus Colton MacDuffee
260 _aNew York
_bJohn Wiley & Sons
_c1954
300 _avii, 120p.
650 _aDifferential equations
_91510
650 _aNASA Thesaurus
650 _aTheory of equations
_93030
942 _cBK
999 _c1495
_d1495